| 000 | 00842cam a2200253 a 4500 | ||
|---|---|---|---|
| 001 | 2104937 | ||
| 005 | 20180129075605.0 | ||
| 008 | 960212s1996 nyua b s001 0 eng | ||
| 010 | _a 96005029 | ||
| 020 | _a0791427676 (acidfree paper) | ||
| 020 | _a0791427684 (pbk. : acidfree paper) | ||
| 040 |
_aDLC _cDLC _dDLC |
||
| 041 | _aeng | ||
| 043 | _ae-uk--- | ||
| 080 | _a821.91409 | ||
| 082 | 0 | 0 |
_a821.91409 ACH _220 |
| 100 | _a21 | ||
| 101 | _aGJL | ||
| 245 | 0 | 0 |
_aContemporary British poetry : _cedited by James Acheson and Romana Huk. |
| 504 | _aIncludes bibliographical references and index. | ||
| 906 |
_a7 _bcbc _corignew _d1 _eocip _f19 _gy-gencatlg |
||
| 942 |
_2ddc _cBK |
||
| 999 |
_c41172 _d41172 |
||